Sanat - "Ken on luonut sinitaivaan" - Statistics

Yleistilastot
  • Tätä visaa on pelattu 6 kertaa
  • Keskiarvotulos 50 / 74
Vastaustilastot
Vastaus % Oikein
Ken
100%
ken
100%
ken
100%
Ken
100%
luonut
100%
luonut
100%
on
100%
on
100%
on
100%
on
100%
on
100%
on
100%
ihmisille
80%
ihmisille
80%
isä
80%
ja
80%
Jumala
80%
Jumala
80%
kaikki
80%
kaikki
80%
Kaikki
80%
kauneuden
80%
kukkasille
80%
sinitaivaan
80%
suonut
80%
suonut
80%
tuonut
80%
antamaa
60%
hänen
60%
ihanaa
60%
iloks
60%
isää
60%
Jumalaa
60%
Jumalansa
60%
käskystänsä
60%
kaunist
60%
kiitä
60%
kiitä
60%
kuin
60%
kunniaksi
60%
Kuuhut
60%
lapsilleen
60%
lapsukainen
60%
laulus
60%
lauluun
60%
liitä
60%
loistettaan
60%
Luojan
60%
luopi
60%
maailmassa
60%
matalaan
60%
metsän
60%
niin
60%
niittyjen
60%
ompi
60%
paistamaan
60%
päivän
60%
rakkauden
60%
siitä
60%
tähdet
60%
taivaallista
60%
tänne
60%
toisten
60%
valoansa
60%
viherjäisen
60%
ylistämään
60%
korkeudestansa
40%
levittävät
40%
maahan
40%
pannut
40%
taivaan
40%
vahvuudelle
40%
yöhön
40%
mitä
20%
Ehtoja vastaavia visoja ei löytynyt
Tulosjakauma
Jokaisen tuloksen saaneiden osuus
Persentiili vastausten määrän mukaan
Tuloshistoriasi
Et ole pelannut tätä visaa